| 000 | 01555nam a2200373Ia 4500 | ||
|---|---|---|---|
| 001 | ebr10178248 | ||
| 003 | CaPaEBR | ||
| 006 | m u | ||
| 007 | cr cn||||||||| | ||
| 008 | 050831s2006 qucad sb 001 e eng d | ||
| 020 | _z9780773529960 | ||
| 020 | _z0773529969 | ||
| 020 | _z0773529977 (pbk.) | ||
| 040 |
_aCaPaEBR _cCaPaEBR |
||
| 035 | _a(OCoLC)191819005 | ||
| 050 | 1 | 4 |
_aHC355 _b.N38 2006eb |
| 082 | 0 | 4 |
_a330.9489 _222 |
| 245 | 0 | 0 |
_aNational identity and the varieties of capitalism _h[electronic resource] : _bthe Danish experience / _cedited by John L. Campbell, John A. Hall, and Ove K. Pedersen. |
| 260 |
_aMontreal : _bMcGill-Queen's University Press, _cc2006. |
||
| 300 |
_axiv, 525 p. : _bill., charts. |
||
| 490 | 1 |
_aStudies in nationalism and ethnic conflict ; _v4 |
|
| 504 | _aIncludes bibliographical references (p. [471]-515) and index. | ||
| 533 |
_aElectronic reproduction. _bPalo Alto, Calif. : _cebrary, _d2009. _nAvailable via World Wide Web. _nAccess may be limited to ebrary affiliated libraries. |
||
| 650 | 0 | _aStates, Small. | |
| 651 | 0 |
_aDenmark _xEconomic conditions. |
|
| 651 | 0 |
_aDenmark _xPolitics and government. |
|
| 655 | 7 |
_aElectronic books. _2local |
|
| 700 | 1 |
_aCampbell, John L., _d1952- |
|
| 700 | 1 |
_aHall, John A., _d1949- |
|
| 700 | 1 |
_aPedersen, Ove Kaj, _d1948- |
|
| 710 | 2 | _aebrary, Inc. | |
| 830 | 0 |
_aStudies in nationalism and ethnic conflict ; _v4. |
|
| 856 | 4 | 0 |
_uhttp://site.ebrary.com/lib/rucke/Doc?id=10178248 _zAn electronic book accessible through the World Wide Web; click to view |
| 999 |
_c140762 _d140762 |
||